|
|
|
|
| LEADER |
00791nam a2200313 4500 |
| 001 |
DLU070061488 |
| 005 |
##20071228 |
| 040 |
# |
# |
|a DLU
|b vie
|
| 041 |
# |
# |
|a vie
|
| 044 |
# |
# |
|a vn
|
| 082 |
# |
# |
|a 327.470 597
|b Lie
|
| 245 |
# |
# |
|a Liên Xô - một từ không bao giờ quên.
|
| 246 |
# |
# |
|a Liên Xô - một từ không bao giờ quên :
|b Hồi ký.
|
| 260 |
# |
# |
|a H. :
|b Chính trị Quốc gia,
|c 2007.
|
| 300 |
# |
# |
|a 550 tr. :
|b minh hoạ ;
|c 21 cm.
|
| 653 |
# |
# |
|a Hồi ký
|
| 653 |
# |
# |
|a Lịch sử ngoại giao
|
| 653 |
# |
# |
|a Quan hệ ngoại giao
|
| 923 |
# |
# |
|a 24/2007
|
| 992 |
# |
# |
|a 49000
|
| 994 |
# |
# |
|a DLU
|
| 900 |
# |
# |
|a True
|
| 911 |
# |
# |
|a Nguyễn Thanh Hương
|
| 925 |
# |
# |
|a G
|
| 926 |
# |
# |
|a A
|
| 927 |
# |
# |
|a SH
|
| 980 |
# |
# |
|a Thư viện Trường Đại học Đà Lạt
|